000 00611nam a2200193Ii 4500
003 JO-AjNU
008 230605s9999||||xx |||||||||||||| ||und||
040 _aJO-AjNU
_bara
_erda
_cJO-AjNU
041 _aara
050 1 4 _aPJ7808 1900
100 3 _aإعداد حسين،عبد الكريم حسن,
_eauthor
_914998
245 0 0 _aأحلى الكلام
264 3 1 _aبغداد:دار التربية للطباعة والنشر،1900
300 _a247ص
336 _atext
_btxt
_2rdacontent
337 _aunmediated
_bn
_2rdamedia
338 _avolume
_bnc
_2rdacarrier
650 4 _aالشعر العربي
_914999
999 _aA4133
_c7701
_d7701